Hướng dẫn thực hiện chế độ kế toán doanh nghiệp

Trình bày danh mục và biểu mẫu báo cáo tài chính, nội dung và phương pháp lập báo cáo tài chính. Nội dung và phương pháp lập báo cáo tài chính năm, báo cáo tài chính giữa niên bộ. Chế độ chứng từ kế toán doanh nghiệp, chế độ kế toán v...

Description complète

Enregistré dans:
Détails bibliographiques
Collectivité auteur: Bộ Tài chính
Format: Livre
Langue:Undetermined
Publié: Hà Nội Tài chính 2010
Sujets:
Tags: Ajouter un tag
Pas de tags, Soyez le premier à ajouter un tag!
Thư viện lưu trữ: Trung tâm Học liệu Trường Đại học Cần Thơ
LEADER 01049nam a2200205Ia 4500
001 CTU_160981
008 210402s9999 xx 000 0 und d
020 |c 100000 
082 |a 657.9 
082 |b B450/Q.2 
110 |a Bộ Tài chính 
245 0 |a Hướng dẫn thực hiện chế độ kế toán doanh nghiệp 
260 |a Hà Nội 
260 |b Tài chính 
260 |c 2010 
520 |a Trình bày danh mục và biểu mẫu báo cáo tài chính, nội dung và phương pháp lập báo cáo tài chính. Nội dung và phương pháp lập báo cáo tài chính năm, báo cáo tài chính giữa niên bộ. Chế độ chứng từ kế toán doanh nghiệp, chế độ kế toán và hình thức kế toán. 
650 |a Accounting,Financial statements,Kế toán,Trách nhiệm tài chính 
650 |x Accounting,Kế toán 
904 |i Năm 
980 |a Trung tâm Học liệu Trường Đại học Cần Thơ